[Event "Barcelona Sant Marti op-B 24th"]
[Site "Barcelona"]
[Date "2024.07.15"]
[Round "3"]
[White "Coll Granell, Jorge"]
[Black "Sanchez Coves, Juan Josep"]
[Result "1-0"]
[WhiteElo "1791"]
[BlackElo "1659"]
[PlyCount "46"]
[EventDate "2024.07.13"]
[EventType "swiss"]
[EventRounds "9"]
[EventCountry "ESP"]
[SourceTitle "EXT 2025"]
[Source "ChessBase"]
[SourceDate "2024.10.14"]
[SourceVersion "1"]
[SourceVersionDate "2024.10.14"]
[SourceQuality "1"]

1. e4 d5 2. exd5 Qxd5 3. Nc3 Qa5 4. d4 Bf5 5. Nf3 Nf6 6. Bd2 c6 7. Bc4 e6 8. Qe2 Qc7 9. 0-0-0 Bd6 10. h3 0-0 11. g4 Bg6 12. Ne5 Nd5 13. h4 Bxe5 14. dxe5 h6 15. h5 Bh7 16. g5 hxg5 17. Bxg5 Nd7 18. f4 Nxc3 19. bxc3 Qa5 20. Rxd7 Qxc3 21. Kb1 a5 22. Be7 b5 23. Bd3 c5 1-0

[Event "Barcelona Sant Marti op-B 24th"]
[Site "Barcelona"]
[Date "2024.07.14"]
[Round "2"]
[White "Morera Domenech, Guiu"]
[Black "Sanchez Coves, Juan Josep"]
[Result "0-1"]
[WhiteElo "1493"]
[BlackElo "1659"]
[PlyCount "112"]
[EventDate "2024.07.13"]
[EventType "swiss"]
[EventRounds "9"]
[EventCountry "ESP"]
[SourceTitle "EXT 2025"]
[Source "ChessBase"]
[SourceDate "2024.10.14"]
[SourceVersion "1"]
[SourceVersionDate "2024.10.14"]
[SourceQuality "1"]

1. e4 d6 2. d4 g6 3. Nf3 Bg7 4. Bc4 Nf6 5. Nc3 0-0 6. Bf4 Nxe4 7. Nxe4 d5 8. Bxd5 Qxd5 9. Nc3 Qc6 10. Nh4 Nd7 11. Qd2 b5 12. 0-0 b4 13. Ne2 Ba6 14. Rfe1 e6 15. c3 Bxe2 16. Rxe2 bxc3 17. Qxc3 Qxc3 18. bxc3 c5 19. Bd6 Rfc8 20. Nf3 Rc6 21. Be5 cxd4 22. cxd4 Rac8 23. Ne1 Bxe5 24. dxe5 Rc1 25. Rxc1 Rxc1 26. f4 Nc5 27. Kf2 Ra1 28. Kg3 h5 29. Nf3 Rc1 30. Kh4 Kg7 31. Kg5 Rc4 32. Rd2 Ne4+ 33. Kh4 Nxd2 34. Nxd2 Rc2 35. Nf3 Rxa2 36. Nd4 a5 37. Nf3 a4 38. Ne1 a3 39. Nd3 Rxg2 40. Nc1 a2 41. Nxa2 Rxa2 42. Kg3 f6 43. exf6+ Kxf6 44. h4 Kf5 45. Kf3 Ra3+ 46. Kf2 Kxf4 47. Ke2 e5 48. Kf2 Ra2+ 49. Ke1 Kf3 50. Kd1 Ke3 51. Kc1 Kd3 52. Kb1 Rh2 53. Kc1 e4 54. Kb1 Kc3 55. Ka1 Kb3 56. Kb1 Rh1# 0-1

[Event "Barcelona Sant Marti op-B 24th"]
[Site "Barcelona"]
[Date "2024.07.13"]
[Round "1"]
[White "Sanchez Coves, Juan Josep"]
[Black "Campillo Lopez, Ricardo Bienaventu"]
[Result "0-1"]
[WhiteElo "1659"]
[BlackElo "1858"]
[PlyCount "88"]
[EventDate "2024.07.13"]
[EventType "swiss"]
[EventRounds "9"]
[EventCountry "ESP"]
[SourceTitle "EXT 2025"]
[Source "ChessBase"]
[SourceDate "2024.10.14"]
[SourceVersion "1"]
[SourceVersionDate "2024.10.14"]
[SourceQuality "1"]

1. e4 e5 2. Nc3 Nf6 3. f4 d5 4. fxe5 Nxe4 5. Qf3 Nc6 6. Bb5 Be6 7. d4 Bb4 8. a3 Ba5 9. Nge2 0-0 10. Bxc6 bxc6 11. 0-0 f5 12. b4 Bb6 13. Na4 a5 14. Nc5 Qe7 15. Nf4 Ng5 16. Qb3 axb4 17. Qxb4 Bxc5 18. Qxc5 Qxc5 19. dxc5 Bd7 20. h4 Ne4 21. e6 Bc8 22. Be3 Re8 23. Bd4 g6 24. Be5 Ra7 25. Rfb1 Bxe6 26. Nd3 Rea8 27. Bd4 Kf7 28. Ne5+ Ke8 29. Nxc6 Ra6 30. Ne5 Kd8 31. Rb4 Kc8 32. a4 Bd7 33. Nxd7 Kxd7 34. c4 Kc6 35. cxd5+ Kxd5 36. Be3 Nc3 37. Ra3 Nxa4 38. Rd4+ Kc6 39. Rc4 Nb2 40. Rxa6+ Rxa6 41. Rc2 Ra1+ 42. Kh2 Nd3 43. Bd4 Ra4 44. Be3 Rxh4+ 0-1

[Event "Barcelona Sant Marti op-B 23rd"]
[Site "Barcelona"]
[Date "2023.07.13"]
[Round "1"]
[White "Sanchez Coves, Juan Josep"]
[Black "Asmita, Das"]
[Result "0-1"]
[WhiteElo "1444"]
[BlackElo "1759"]
[PlyCount "42"]
[EventDate "2023.07.13"]
[EventType "swiss"]
[EventRounds "9"]
[EventCountry "ESP"]
[SourceTitle "CBM 215 Extra"]
[Source "ChessBase"]
[SourceDate "2023.09.30"]
[SourceVersion "1"]
[SourceVersionDate "2023.09.30"]
[SourceQuality "1"]

1. e4 c5 2. Nf3 d6 3. c4 Nc6 4. d4 cxd4 5. Nxd4 Nf6 6. Nc3 g6 7. Be2 Bg7 8. Nf3 0-0 9. h3 Bd7 10. Rb1 Qa5 11. 0-0 Rac8 12. a3 Ne5 13. Nxe5 Qxe5 14. Be3 Nxe4 15. Nxe4 Qxe4 16. Bxa7 Bf5 17. Qd2 Qc6 18. Rbd1 b6 19. Qb4 Rc7 20. Qxb6 Qd7 21. Qe3 Rxa7 0-1

[Event "Foment Martinenc op-B 21st"]
[Site "Barcelona"]
[Date "2019.05.25"]
[Round "5"]
[White "Sanchez Coves, Juan Josep"]
[Black "Arias Aranda, Guillem"]
[Result "0-1"]
[WhiteElo "1597"]
[BlackElo "1649"]
[PlyCount "56"]
[EventDate "2019.04.27"]
[EventType "swiss"]
[EventRounds "9"]
[EventCountry "ESP"]
[SourceTitle "EXT 2020"]
[Source "ChessBase"]
[SourceDate "2019.10.17"]
[SourceVersion "1"]
[SourceVersionDate "2019.10.17"]
[SourceQuality "1"]

1. e4 e5 2. Nf3 Nc6 3. Bc4 Nf6 4. d4 exd4 5. e5 d5 6. exf6 dxc4 7. Bg5 gxf6 8. Qe2+ Be6 9. Bh4 Be7 10. Nbd2 d3 11. cxd3 Qxd3 12. Ne4 Qxe2+ 13. Kxe2 f5 14. Nf6+ Bxf6 15. Bxf6 Rg8 16. Rhg1 Rg6 17. Bh4 Rg4 18. a3 Nd4+ 19. Nxd4 Rxh4 20. Nf3 Re4+ 21. Kd1 0-0-0+ 22. Kc1 Re2 23. Rf1 Bd5 24. Ne1 Rde8 25. Nf3 Bxf3 26. gxf3 Re1+ 27. Kc2 Rxa1 28. Rxa1 Re2+ 0-1

[Event "Barcelona La Lira op 37th"]
[Site "Barcelona"]
[Date "2019.02.22"]
[Round "6"]
[White "Tortosa Moros, Joan"]
[Black "Sanchez Coves, Juan Josep"]
[Result "1-0"]
[WhiteElo "1694"]
[BlackElo "1579"]
[PlyCount "199"]
[EventDate "2019.01.18"]
[EventType "swiss"]
[EventRounds "8"]
[EventCountry "ESP"]
[SourceTitle "CBM 189 Extra"]
[Source "ChessBase"]
[SourceDate "2019.05.31"]
[SourceVersion "1"]
[SourceVersionDate "2019.05.31"]
[SourceQuality "1"]

1. e4 d6 2. d4 Nf6 3. Nc3 e5 4. dxe5 dxe5 5. Qxd8+ Kxd8 6. Bg5 c6 7. 0-0-0+ Kc7 8. Bc4 Be6 9. Bxe6 fxe6 10. h3 h6 11. Bh4 Nh5 12. f3 Bc5 13. Kb1 g5 14. Be1 Nf4 15. g3 Ng2 16. Bd2 Ne3 17. Bxe3 Bxe3 18. Nge2 Nd7 19. Rd3 Bb6 20. Na4 Ba5 21. Rhd1 Rad8 22. c4 Rhf8 23. a3 Kc8 24. b4 Bc7 25. b5 Nb6 26. Nxb6+ axb6 27. Rxd8+ Rxd8 28. Rxd8+ Kxd8 29. Kc2 Bd6 30. a4 Bc5 31. g4 Kd7 32. Nc1 Bd4 33. Nb3 Kd6 34. Kd3 Bg1 35. a5 cxb5 36. cxb5 bxa5 37. Nxa5 b6 38. Nb3 Bc5 39. Kc4 Bg1 40. Nc1 Bc5 41. Nd3 Bg1 42. Nb4 Bc5 43. Nc6 Bg1 44. Nd8 Ke7 45. Nc6+ Kd6 46. Nb4 Bc5 47. Nd3 Bd4 48. Ne1 Bc5 49. Nd3 Bd4 50. Kb3 Bc5 51. Kc2 Bd4 52. Kd2 Bc5 53. Ke2 Bd4 54. Kf1 Bc5 55. Kg2 Be3 56. Kf1 Bc5 57. Nb2 Bb4 58. Ke2 Bc5 59. Kd2 Bd4 60. Nd1 Bg1 61. Kc3 Bd4+ 62. Kc4 Bc5 63. Nb2 Bf2 64. Nd3 Bg1 65. Nb4 Bf2 66. Na6 Bg1 67. Nb8 Ke7 68. Nc6+ Kd7 69. Nxe5+ Ke7 70. Nd3 Be3 71. Ne5 Kf6 72. Nd3 Ke7 73. Ne1 Kd6 74. Ng2 Bf2 75. f4 gxf4 76. Nxf4 Be3 77. Nd3 e5 78. Kc3 Ke6 79. Kc2 Kf6 80. Kd1 Bd4 81. h4 Kg6 82. Ke2 Kf6 83. Nb4 Kg6 84. Nc6 Ba1 85. Kd3 Kf6 86. Kc4 Bb2 87. Kd5 Bc1 88. Na7 Be3 89. Nc8 Bf2 90. g5+ hxg5 91. hxg5+ Kxg5 92. Kxe5 Kg6 93. Kd5 Kf7 94. Kc6 Ke6 95. Nxb6 Ke5 96. Nd7+ Kxe4 97. Nc5+ Kf5 98. b6 Bg3 99. Na6 Kf6 100. Nc7 1-0

[Event "Foment Martinenc op-B 20th"]
[Site "Barcelona"]
[Date "2018.05.12"]
[Round "4"]
[White "Sanchez Oliveras, Guillem"]
[Black "Sanchez Coves, Juan Josep"]
[Result "0-1"]
[WhiteElo "1321"]
[BlackElo "1539"]
[PlyCount "118"]
[EventDate "2018.04.21"]
[EventType "swiss"]
[EventRounds "9"]
[EventCountry "ESP"]
[SourceTitle "CBM 184 Extra"]
[Source "ChessBase"]
[SourceDate "2018.06.28"]
[SourceVersion "1"]
[SourceVersionDate "2018.06.28"]
[SourceQuality "1"]

1. e4 c6 2. d4 d5 3. e5 Bf5 4. Nc3 e6 5. Nf3 Ne7 6. Be3 Nd7 7. Be2 Nc8 8. Qd2 h6 9. a3 c5 10. Bb5 cxd4 11. Nxd4 Bh7 12. 0-0-0 a6 13. Bxd7+ Qxd7 14. f4 Nb6 15. Nxe6 Qxe6 16. Bxb6 Qxb6 17. Nxd5 Qd8 18. Qe2 Qc8 19. Rhe1 Be7 20. Nb6 Qc6 21. Nxa8 0-0 22. Nc7 Qxc7 23. g4 Rc8 24. f5 Bg5+ 25. Kb1 b5 26. Rd3 Qe7 27. Red1 Qe8 28. Rd6 a5 29. e6 Kh8 30. Qd3 fxe6 31. Rxe6 Qxe6 32. fxe6 Bxd3 33. Rxd3 Bf6 34. Rd6 b4 35. axb4 axb4 36. Rb6 Rc4 37. h3 Re4 38. Ka2 b3+ 39. cxb3 Re2 40. b4 Rxb2+ 41. Ka3 Re2 42. Ka4 Ra2+ 43. Kb5 Rd2 44. Kc6 Rd8 45. Kc7 Rd3 46. Rb8+ Kh7 47. b5 Be5+ 48. Kb7 Bxb8 49. Kxb8 g5 50. b6 Kg7 51. b7 Kf6 52. Kc7 Rb3 53. b8Q Rxb8 54. Kxb8 Kxe6 55. Kc7 Ke5 56. Kd7 Kf4 57. Ke7 Kg3 58. Kf6 Kxh3 59. Kf5 Kg3 0-1

[Event "Foment Martinenc op-B 20th"]
[Site "Barcelona"]
[Date "2018.04.28"]
[Round "2"]
[White "Sanchez Coves, Juan Josep"]
[Black "Guerrero Baez, Indira"]
[Result "1-0"]
[WhiteElo "1539"]
[BlackElo "1128"]
[PlyCount "43"]
[EventDate "2018.04.21"]
[EventType "swiss"]
[EventRounds "9"]
[EventCountry "ESP"]
[SourceTitle "CBM 184 Extra"]
[Source "ChessBase"]
[SourceDate "2018.06.28"]
[SourceVersion "1"]
[SourceVersionDate "2018.06.28"]
[SourceQuality "1"]

1. e4 c5 2. Nc3 Nc6 3. Bb5 Nd4 4. a4 Nxb5 5. axb5 g6 6. Nge2 Bg7 7. d4 cxd4 8. Nxd4 e6 9. Be3 b6 10. Qd2 a6 11. 0-0 Ne7 12. f4 Bb7 13. f5 exf5 14. exf5 Nd5 15. fxg6 hxg6 16. bxa6 Bc6 17. Nxc6 dxc6 18. Bd4 Bh6 19. Qe2+ Kd7 20. Rxf7+ Ne7 21. Bf6 Kc8 22. Rxe7 1-0

[Event "Barcelona Primavera La Lira op 10th"]
[Site "Barcelona"]
[Date "2017.05.18"]
[Round "5"]
[White "Sanchez Coves, Juan Josep"]
[Black "Volart Buil, Jordi"]
[Result "0-1"]
[WhiteElo "1646"]
[BlackElo "1762"]
[PlyCount "68"]
[EventDate "2017.04.20"]
[EventType "swiss"]
[EventRounds "9"]
[EventCountry "ESP"]
[SourceTitle "EXT 2018"]
[Source "ChessBase"]
[SourceDate "2017.10.13"]
[SourceVersion "1"]
[SourceVersionDate "2017.10.13"]
[SourceQuality "1"]

1. e4 f6 2. d4 g6 3. Be3 Nh6 4. Be2 Nf7 5. Bf3 c6 6. Nd2 Bg7 7. Ne2 d6 8. Nb3 0-0 9. Qd2 a5 10. a4 e5 11. Nc3 f5 12. dxe5 Nxe5 13. Nd4 Nc4 14. Qc1 Nxe3 15. Qxe3 f4 16. Qd3 Qf6 17. 0-0-0 Rd8 18. h4 Na6 19. h5 g5 20. Qc4+ Qf7 21. Qxf7+ Kxf7 22. Nf5 Bxf5 23. exf5 Bxc3 24. bxc3 Nc5 25. Rd4 d5 26. Re1 Re8 27. Rxe8 Rxe8 28. Kd2 Kf6 29. c4 Kxf5 30. g4+ Ke5 31. c3 Nb3+ 32. Kd3 Nxd4 33. cxd4+ Kd6 34. c5+ Kc7 0-1

[Event "Barcelona La Lira op 35th"]
[Site "Barcelona"]
[Date "2017.03.10"]
[Round "8"]
[White "Martin Arranz, Lluis"]
[Black "Sanchez Coves, Juan Josep"]
[Result "1/2-1/2"]
[WhiteElo "1714"]
[BlackElo "1574"]
[PlyCount "74"]
[EventDate "2017.01.20"]
[EventType "swiss"]
[EventRounds "8"]
[EventCountry "ESP"]
[SourceTitle "EXT 2018"]
[Source "ChessBase"]
[SourceDate "2017.10.13"]
[SourceVersion "1"]
[SourceVersionDate "2017.10.13"]
[SourceQuality "1"]

1. e4 e5 2. Nf3 Nc6 3. Bb5 f5 4. exf5 e4 5. Qe2 Qe7 6. Bxc6 dxc6 7. Nd4 Nf6 8. 0-0 c5 9. Nb3 Bxf5 10. Nc3 c6 11. h3 Nd5 12. Nxd5 cxd5 13. Re1 Qd7 14. d3 Be7 15. dxe4 dxe4 16. Be3 b6 17. Rad1 Qc6 18. Nd2 Rd8 19. Nc4 0-0 20. g4 Bg6 21. Ne5 Qe6 22. Nxg6 Qxg6 23. Qc4+ Kh8 24. b3 h5 25. Qe2 hxg4 26. Qxg4 Qxg4+ 27. hxg4 Bf6 28. c4 Bc3 29. Rf1 Bd4 30. Bxd4 cxd4 31. Rfe1 Rf4 32. f3 exf3 33. Kf2 Rxg4 34. Rh1+ Kg8 35. Kxf3 Rg6 36. Rh4 Rgd6 37. Ke4 Re6+ 1/2-1/2

[Event "Barcelona La Lira op 35th"]
[Site "Barcelona"]
[Date "2017.02.24"]
[Round "6"]
[White "Perolet Perez, Miquel"]
[Black "Sanchez Coves, Juan Josep"]
[Result "1/2-1/2"]
[WhiteElo "1678"]
[BlackElo "1574"]
[PlyCount "89"]
[EventDate "2017.01.20"]
[EventType "swiss"]
[EventRounds "8"]
[EventCountry "ESP"]
[SourceTitle "EXT 2018"]
[Source "ChessBase"]
[SourceDate "2017.10.13"]
[SourceVersion "1"]
[SourceVersionDate "2017.10.13"]
[SourceQuality "1"]

1. d4 d6 2. Nf3 Bg4 3. Nbd2 Nf6 4. c3 Nbd7 5. h3 Bf5 6. e3 e5 7. Qb3 exd4 8. cxd4 Nb6 9. Ng5 Bg6 10. Nc4 Nxc4 11. Bxc4 d5 12. Be2 Rb8 13. Bd2 Ne4 14. Nf3 Qd6 15. Qa4+ c6 16. Qxa7 Nxd2 17. Nxd2 Be7 18. Qb6 0-0 19. Qb3 b6 20. 0-0 c5 21. dxc5 bxc5 22. Qd1 Rxb2 23. Nc4 dxc4 24. Bxc4 Qe5 25. Qf3 Qc3 26. Bb3 Qf6 27. Qxf6 Bxf6 28. Rac1 Bd3 29. Rfd1 c4 30. Bxc4 Bxc4 31. Rxc4 Rxa2 32. Rd7 Ra1+ 33. Kh2 Ra2 34. Kg3 h6 35. Kf3 Rb8 36. Rcc7 Rbb2 37. Rxf7 Rxf2+ 38. Ke4 Ra4+ 39. Kd3 Rxg2 40. Rfd7 Raa2 41. Ke4 Rg3 42. Rc8+ Kh7 43. Rc6 Bg5 44. Rcc7 Rxe3+ 45. Kf5 1/2-1/2

[Event "Barcelona Sant Marti op-B 18th"]
[Site "Barcelona"]
[Date "2016.07.15"]
[Round "3.22"]
[White "Sanchez Coves, Juan Josep"]
[Black "Madrid Sole, Antonio"]
[Result "1-0"]
[WhiteElo "1610"]
[BlackElo "1865"]
[PlyCount "145"]
[EventDate "2016.07.13"]
[EventType "swiss"]
[EventRounds "9"]
[EventCountry "ESP"]
[SourceTitle "EXT 2024"]
[Source "ChessBase"]
[SourceDate "2023.10.10"]
[SourceVersion "1"]
[SourceVersionDate "2023.10.10"]
[SourceQuality "1"]

1. e4 d5 2. exd5 Qxd5 3. Nc3 Qa5 4. d4 Nf6 5. Qd3 c6 6. Be2 Bf5 7. Qd2 e6 8. Nf3 Bb4 9. Bd3 Be4 10. Ne5 Bxd3 11. cxd3 Nd5 12. Nc4 Qd8 13. a3 Be7 14. 0-0 0-0 15. Ne5 Nd7 16. Ne4 N7f6 17. Qe2 Rc8 18. Be3 Nxe3 19. fxe3 Nxe4 20. dxe4 c5 21. Rac1 cxd4 22. Rxc8 Qxc8 23. exd4 Qc7 24. Qf2 Bd6 25. Nf3 Rc8 26. e5 Be7 27. Nd2 f6 28. exf6 Bxf6 29. Ne4 Rf8 30. Nc5 Qd6 31. Kh1 b6 32. Ne4 Qxd4 33. Nxf6+ Qxf6 34. Qxf6 Rxf6 35. Re1 Kf7 36. Kg1 Ke8 37. Re4 Kd7 38. Rd4+ Kc6 39. Rc4+ Kb7 40. Rd4 Rf7 41. Re4 Re7 42. Kf2 Kc6 43. Ke3 e5 44. Rc4+ Kd5 45. Rb4 Rf7 46. h3 Rf1 47. Rb5+ Ke6 48. Rb4 Re1+ 49. Kf2 Rc1 50. Kf3 Rc2 51. g3 Rc1 52. h4 h6 53. h5 Rc6 54. Rg4 Kf7 55. Re4 Rf6+ 56. Ke3 Ke6 57. Rc4 Kd6 58. Rg4 Rf7 59. Rb4 Kd5 60. Rg4 b5 61. Re4 a5 62. Rg4 Rb7 63. Rg6 b4 64. axb4 Rxb4 65. Ra6 Rxb2 66. Rxa5+ Ke6 67. Ra6+ Kf5 68. Rg6 Rb3+ 69. Kd2 Rb2+ 70. Kc3 Rb7 71. Kd3 Ra7 72. Ke3 Rd7 73. g4# 1-0